Statistics for 2004: NFL Teams with the Least Points

Click here to take the quiz!

General Stats

  • This quiz has been taken 5 times
  • The average score is 8 of 10

Answer Stats

Number of pointsNFL Team% Correct
276Cleveland Browns
100%
293Dallas Cowboys
100%
240Washington Redskins
100%
275Miami Dolphins
80%
259San Francisco 49ers
80%
260Arizona Cardinals
60%
231Chicago Bears
60%
296Detroit Lions
60%
261Jacksonville Jaguars
60%
301Tampa Bay Buccaneers
60%

Score Distribution

Percentile by Number Answered

Percent of People with Each Score

Your Score History

You have not taken this quiz